Normal view
MARC view
- تأليف العيسوي، جمال مصطفى ؛ محمد محمود محمد موسى ؛ عبد الغفار محمد الشيرازي
Entry Personal Name
001 - CONTROL NUMBER
- control field: 23644
003 - CONTROL NUMBER IDENTIFIER
- control field: JO-AjAnu
005 - DATE AND TIME OF LATEST TRANSACTION
- control field: 20230606074049.0
008 - FIXED-LENGTH DATA ELEMENTS
- fixed length control field: 230606|| aca||aabn | a|a d
040 ## - CATALOGING SOURCE
- Original cataloging agency: JO-AjAnu
- Transcribing agency: JO-AjAnu
100 ## - HEADING--PERSONAL NAME
- Personal name: تأليف العيسوي، جمال مصطفى ؛ محمد محمود محمد موسى ؛ عبد الغفار محمد الشيرازي
670 ## - SOURCE DATA FOUND
- Source citation: Work cat.: (JO-AjAnu)12151: تأليف العيسوي، جمال مصطفى ؛ محمد محمود محمد موسى ؛ عبد الغفار محمد الشيرازي, author, طرق تدريس اللغة العربية بمرحلة التعليم الأساسي (بين النظرية والتطبيق)